01428nam a2200289 a 450000100100000000500170001000800410002702000150006804000250008308200230010810000340013124500500016525000110021526000450022630000210027150000700029265000290036265000330039165000320042404900090045695201360046595201360060195201360073795201210087395201270099499900170112100001464920251111094609.0100118s2005 dr 001 0 spa d z9993423386 aDO-SdBNPbspacBNPHU a235.3bF638m, 20051 aFloripe Jiménez, Ana91265510aMi ángel mágico /cAna Floripe Jiménes. a2a ed. aSanto Domingo :bAmigo del Hogar,c2005. a149 p. ;c22 cm. aIncluye datos biográficos del autor en la solapa de la cubierta 0aÁngeles xCulto912656 0a Ángeles guardianes912657 4aExperiencia religiosa96844 aBNPD 001054708DSaGRbGRcCTd2010-01-18iLF1l0o235.3 F638m, 2005p14649-30r2020-06-25te. 5w2020-06-25yLFDSZPréstamo en sala 001054708DSaGRbGRcCTd2010-01-18iLF1l0o235.3 F638m, 2005p14649-40r2020-06-25te. 3w2020-06-25yLFDSZPréstamo en sala 001054708DSaGRbGRcCTd2010-01-18iLF1l0o235.3 F638m, 2005p14649-50r2020-06-25te. 4w2020-06-25yLFDSZPréstamo en sala 0010718PDaPDbPDcCTd2010-01-18iLF1l0o235.3 F638m, 2005p14649-10r2020-06-25w2020-06-25yLFPDZNo se presta 0010718PDaPDbPDcCTd2010-01-18iLF1l0o235.3 F638m, 2005p14649-20r2020-06-25te. 2w2020-06-25yLFPDZNo se presta c14233d14233